<?xml version="1.0" encoding="UTF-8"?>
<record
    xmlns:xsi="http://www.w3.org/2001/XMLSchema-instance"
    xsi:schemaLocation="http://www.loc.gov/MARC21/slim http://www.loc.gov/standards/marcxml/schema/MARC21slim.xsd"
    xmlns="http://www.loc.gov/MARC21/slim">

  <leader>00313nam a2200121Ia 4500</leader>
  <controlfield tag="008">180130s9999||||xx |||||||||||||| ||und||</controlfield>
  <datafield tag="020" ind1=" " ind2=" ">
    <subfield code="a">978-986-369-040-5</subfield>
  </datafield>
  <datafield tag="100" ind1=" " ind2=" ">
    <subfield code="a">&#x79E6;&#x5EFA;&#x6210;</subfield>
  </datafield>
  <datafield tag="245" ind1=" " ind2="0">
    <subfield code="c">&#x79E6;&#x5EFA;&#x6210;</subfield>
    <subfield code="a">&#x90E8;&#x9580;&#x7E3E;&#x6548;&#x8003;&#x6838;&#x7684;&#x91CF;&#x5316;&#x7BA1;&#x7406;</subfield>
  </datafield>
  <datafield tag="250" ind1=" " ind2=" ">
    <subfield code="a">&#x589E;&#x8A02;&#x516D;&#x7248;</subfield>
  </datafield>
  <datafield tag="260" ind1=" " ind2=" ">
    <subfield code="c">2016</subfield>
    <subfield code="a">&#x53F0;&#x5317;&#x5E02;</subfield>
  </datafield>
  <datafield tag="300" ind1=" " ind2=" ">
    <subfield code="c"> cm.</subfield>
    <subfield code="a"> p.</subfield>
  </datafield>
  <datafield tag="942" ind1=" " ind2=" ">
    <subfield code="2">ccl</subfield>
    <subfield code="c">BOOK</subfield>
  </datafield>
  <datafield tag="999" ind1=" " ind2=" ">
    <subfield code="c">808</subfield>
    <subfield code="d">808</subfield>
  </datafield>
  <datafield tag="952" ind1=" " ind2=" ">
    <subfield code="0">0</subfield>
    <subfield code="1">0</subfield>
    <subfield code="2">ccl</subfield>
    <subfield code="4">0</subfield>
    <subfield code="7">0</subfield>
    <subfield code="a">yeezen</subfield>
    <subfield code="b">yeezen</subfield>
    <subfield code="d">2018-01-30</subfield>
    <subfield code="l">1</subfield>
    <subfield code="m">1</subfield>
    <subfield code="o">494</subfield>
    <subfield code="p">C02261</subfield>
    <subfield code="r">2018-05-28 00:00:00</subfield>
    <subfield code="s">2018-05-08</subfield>
    <subfield code="w">2018-01-30</subfield>
    <subfield code="y">BOOK</subfield>
    <subfield code="z">&#x7E3E;&#x6548;&#x8003;&#x6838;&#x6709;&#x5169;&#x500B;&#x91CD;&#x9EDE;&#xFF0C;&#x300C;&#x54E1;&#x5DE5;&#x53EA;&#x505A;&#x4F60;&#x6240;&#x8003;&#x6838;&#x7684;&#x300D;&#xFF0C;&#x4F60;&#x60F3;&#x8981;&#x4EC0;&#x9EBC;,&#x5C31;&#x5FC5;&#x9808;&#x8003;&#x6838;&#x4EC0;&#x9EBC;&#xFF0C;&#x9019;&#x662F;&#x7E3E;&#x6548;&#x8003;&#x6838;&#x7684;&#x7B2C;&#x4E00;&#x500B;&#x91CD;&#x9EDE;&#x3002;&#x800C;&#x7E3E;&#x6548;&#x8003;&#x6838;&#x4E00;&#x76F4;&#x4EE5;&#x4F86;&#x88AB;&#x8A8D;&#x70BA;&#x662F;&#x56F0;&#x64FE;&#x4F01;&#x696D;&#x767C;&#x5C55;&#x7684;&#x7B2C;&#x4E00;&#x5927;&#x96E3;&#x984C;&#xFF0C;&#x8981;&#x89E3;&#x6C7A;&#x9019;&#x500B;&#x96E3;&#x984C;&#xFF0C;&#x6700;&#x597D;&#x7684;&#x8FA6;&#x6CD5;&#x83AB;&#x904E;&#x65BC;&#x5C07;&#x300C;&#x8003;&#x6838;&#x6307;&#x6A19;&#x91CF;&#x5316;&#x7BA1;&#x7406;&#x300D;&#xFF0C;&#x9019;&#x662F;&#x7E3E;&#x6548;&#x8003;&#x6838;&#x7684;&#x7B2C;&#x4E8C;&#x500B;&#x91CD;&#x9EDE;&#x3002;</subfield>
  </datafield>
</record>
